Normal view
MARC view
Entry Personal Name
001 - CONTROL NUMBER
- control field: 16
003 - CONTROL NUMBER IDENTIFIER
- control field: OSt
005 - DATE AND TIME OF LATEST TRANSACTION
- control field: 20211105132129.0
008 - FIXED-LENGTH DATA ELEMENTS
- fixed length control field: 211105|| aca||aabn | a|a d
040 ## - CATALOGING SOURCE
- Original cataloging agency: OSt
- Transcribing agency: OSt
100 ## - HEADING--PERSONAL NAME
- Personal name: Murray, John
670 ## - SOURCE DATA FOUND
- Source citation: Work cat.: (OSt): Thomson, Wyville C. 13, Report on the scientific results of the voyage of H M S Challenger the year 1873 - 76, 1889